LEADER 03161oam 2200913zu 450 001 9910698279903321 005 20251017110121.0 035 $a(CKB)3450000000002036 035 $a(SSID)ssj0000622378 035 $a(PQKBManifestationID)11348849 035 $a(PQKBTitleCode)TC0000622378 035 $a(PQKBWorkID)10642608 035 $a(PQKB)10925860 035 $a(WaSeSS)Innodata00030913 035 $a(OCoLC)70192941 035 $a(DNLM)1223823 035 $a(EXLCZ)993450000000002036 100 $a20160829d2004 uy 101 0 $aeng 135 $aur||||||||||| 181 $ctxt 182 $cc 183 $acr 200 00$aMeta-regression approaches : what, why, when, and how 210 31$a[Place of publication not identified]$cAgency for Healthcare Research and Quality Public Health Service Agency for Healthcare Research an$d2004 215 $a1 online resource 225 1 $aTechnical Reviews ;$vno. 8 225 1 $aAHRQ publication ;$vno. 04-0033 300 $aBibliographic Level Mode of Issuance: Monograph 320 $aIncludes bibliographical references. 410 0$aTechnical review (United States. Agency for Healthcare Research and Quality) ;$vno. 8. 410 0$aAHRQ publication ;$vno. 04-0033. 606 $aStatistics as Topic 606 $aEpidemiologic Research Design 606 $aResearch Design 606 $aModels, Theoretical 606 $aEpidemiologic Methods 606 $aHealth Care Evaluation Mechanisms 606 $aInvestigative Techniques 606 $aMethods 606 $aPublic Health 606 $aQuality of Health Care 606 $aDiagnostic Techniques and Procedures 606 $aEnvironment and Public Health 606 $aHealth Care Quality, Access, and Evaluation 606 $aDelivery of Health Care 606 $aAnalysis of Variance 606 $aModels, Statistical 606 $aMeta-Analysis as Topic 606 $aRegression Analysis 606 $aSocial Sciences$2HILCC 606 $aStatistics - General$2HILCC 615 2$aStatistics as Topic. 615 2$aEpidemiologic Research Design. 615 2$aResearch Design. 615 2$aModels, Theoretical. 615 2$aEpidemiologic Methods. 615 2$aHealth Care Evaluation Mechanisms. 615 2$aInvestigative Techniques. 615 2$aMethods. 615 2$aPublic Health. 615 2$aQuality of Health Care. 615 2$aDiagnostic Techniques and Procedures. 615 2$aEnvironment and Public Health. 615 2$aHealth Care Quality, Access, and Evaluation. 615 2$aDelivery of Health Care. 615 2$aAnalysis of Variance. 615 2$aModels, Statistical. 615 2$aMeta-Analysis as Topic. 615 2$aRegression Analysis. 615 7$aSocial Sciences 615 7$aStatistics - General 712 02$aUnited States Agency for Healthcare Research and Quality 712 02$aSouthern California Evidence-Based Practice Center/RAND, 801 0$bPQKB 906 $aBOOK 912 $a9910698279903321 996 $aMeta-regression approaches : what, why, when, and how$93119401 997 $aUNINA LEADER 02462nam 2200577 a 450 001 9910970857303321 005 20251116141817.0 010 $a1-134-56430-9 010 $a1-134-56431-7 010 $a1-280-40121-4 010 $a0-203-13225-4 010 $a0-203-17000-8 024 7 $a10.4324/9780203132258 035 $a(CKB)111004366679806 035 $a(SSID)ssj0000132558 035 $a(PQKBManifestationID)11137254 035 $a(PQKBTitleCode)TC0000132558 035 $a(PQKBWorkID)10038658 035 $a(PQKB)10057952 035 $a(MiAaPQ)EBC165861 035 $a(OCoLC)48139853 035 $a(EXLCZ)99111004366679806 100 $a20010108d2001 uy 0 101 0 $aeng 135 $aurcnu|||||||| 181 $ctxt$2rdacontent 182 $cc$2rdamedia 183 $acr$2rdacarrier 200 10$aCritical approaches to fieldwork $econtemporary and historical archaeological practice /$fGavin Lucas 205 $aFirst edition. 210 $aLondon $cRoutledge$dc2001 215 $a1 online resource (246 pages) 300 $aBibliographic Level Mode of Issuance: Monograph 311 08$a0-415-23533-2 311 08$a0-415-23534-0 320 $aIncludes bibliographical references and index. 327 $achapter 1 Introduction: archaeology and the ?eld -- Archaeology and the field -- chapter 2 Finding the past -- chapter 3 Splitting objects -- chapter 4 The measure of culture -- chapter 5 Eventful contexts -- chapter 6 Conclusion -- Material archaeologies. 330 $aThis work takes as its starting point the role of fieldwork and how this has changed over the past 150 years. The author argues against progressive accounts of fieldwork and instead places it in its broader intellectual context to critically examine the relationship between theoretical paradigms and everyday archaeological practice. In providing a much-needed historical and critical evaluation of current practice in archaeology, this book opens up a topic of debate which affects all archaeologists, whatever their particular interests. 606 $aArchaeology 606 $aArchaeology$xFieldwork 615 0$aArchaeology. 615 0$aArchaeology$xFieldwork. 676 $a930.1 700 $aLucas$b Gavin$f1965-$0176766 801 0$bMiAaPQ 801 1$bMiAaPQ 801 2$bMiAaPQ 906 $aBOOK 912 $a9910970857303321 996 $aCritical approaches to fieldwork$9542319 997 $aUNINA